Ryder Cup Golf- Name all the players that have appeared for the US in the 21st Century - Statistics

General Stats
  • This quiz has been taken 1,739 times
  • The average score is 16 of 41
Answer Stats
Hint Answer % Correct
2002, 2004, 2006, 2010, 2012 Tiger Woods
99%
2002, 2004, 2006, 2008, 2010, 2012, 2014 Phil Mickelson
95%
2010, 2012, 2014 Bubba Watson
81%
2010, 2012 Dustin Johnson
81%
2006, 2010, 2012, 2014 Zach Johnson
80%
2002, 2004, 2006, 2008, 2010, 2012, 2014 Jim Furyk
75%
2014 Jordan Spieth
72%
2010, 2014 Rickie Fowler
63%
2014 Patrick Reed
58%
2002, 2004 Davis Love III
55%
2008, 2010, 2012 Steve Stricker
50%
2012, 2014 Webb Simpson
49%
2002 David Duval
48%
2012 Jason Dufner
44%
2002, 2004, 2006, 2008, 2010 Stewart Cink
43%
2008 Justin Leonard
42%
2010, 2012, 2014 Matt Kuchar
39%
2002 Paul Azinger
36%
2002, 2004, 2006 David Toms
32%
2014 Jimmy Walker
31%
2008 Anthony Kim
28%
2008 Boo Weekly
28%
2012, 2014 Keegan Bradley
28%
2012 Brandt Snedeker
26%
2008 J.B. Holmes
26%
2008 Ben Curtis
25%
2008, 2010, 2014 Hunter Mahan
23%
2004, 2006, 2008 Chad Campbell
19%
2002 Hal Sutton
18%
2004 Jay Haas
18%
2004, 2008 Kenny Perry
18%
2004, 2006 Chris DiMarco
17%
2010 Jeff Overton
17%
2004 Fred Funk
15%
2002 Mark Calcavecchia
15%
2006 J.J. Henry
12%
2002 Scott Hoch
12%
2002, 2006 Scott Verplank
12%
2006 Vaughn Taylor
12%
2006 Brett Wetterich
11%
2004 Chris Riley
10%
No matching quizzes found
Score Distribution
Percent of People with Each Score
Percentile by Number Answered
Your Score History
You have not taken this quiz